[Event "Warsaw Maciei Memorial"]
[Site "Warsaw"]
[Date "2025.07.07"]
[Round "3"]
[White "Baum, Jonasz"]
[Black "Jedrusik, Adam"]
[Result "1-0"]
[WhiteElo "2476"]
[BlackElo "2025"]
[PlyCount "37"]
[EventDate "2025.07.07"]
[EventType "swiss (blitz)"]
[EventRounds "11"]
[EventCountry "POL"]
[SourceTitle "CB28_2025"]
[SourceDate "2025.07.09"]
[SourceVersion "1"]
[SourceVersionDate "2025.07.09"]
[SourceQuality "1"]

1. d4 Nf6 2. c4 e6 3. Nc3 Bb4 4. g3 0-0 5. Bg2 c5 6. dxc5 Bxc3+ 7. bxc3 Na6 8. Bf4 Qa5 9. Qd4 Re8 10. Bd6 Ng4 11. Nf3 e5 12. Nxe5 Nxe5 13. Bxe5 Nxc5 14. 0-0 Ne6 15. Qd5 Qb6 16. Rab1 Qc6 17. Rfd1 f6 18. Bd6 a6 19. Qh5 1-0

[Event "Warsaw Maciei Memorial"]
[Site "Warsaw"]
[Date "2025.07.07"]
[Round "2"]
[White "Jedrusik, Adam"]
[Black "Macieja, Bartlomiej"]
[Result "1-0"]
[WhiteElo "2025"]
[BlackElo "2503"]
[PlyCount "54"]
[EventDate "2025.07.07"]
[EventType "swiss (blitz)"]
[EventRounds "11"]
[EventCountry "POL"]
[SourceTitle "CB28_2025"]
[SourceDate "2025.07.09"]
[SourceVersion "1"]
[SourceVersionDate "2025.07.09"]
[SourceQuality "1"]

1. d4 Nf6 2. Bg5 e6 3. Nd2 c5 4. e3 cxd4 5. exd4 Be7 6. Ngf3 b6 7. Bd3 Bb7 8. 0-0 0-0 9. a4 a6 10. Re1 Nc6 11. c3 Nd5 12. Bxe7 Ncxe7 13. Qb1 Nf6 14. Ne4 Bxe4 15. Bxe4 Nxe4 16. Qxe4 b5 17. Ne5 Ng6 18. axb5 d5 19. Qd3 Nxe5 20. dxe5 axb5 21. Qxb5 Rb8 22. Qe2 Qc7 23. Ra4 Rfc8 24. Rea1 h6 25. h3 Rb7 26. R1a2 Rcb8 27. Kh2 Qe7 1-0

[Event "Warsaw Maciei Memorial"]
[Site "Warsaw"]
[Date "2025.07.07"]
[Round "6"]
[White "Jedrusik, Adam"]
[Black "Mizzi, Jack"]
[Result "1/2-1/2"]
[WhiteElo "2025"]
[BlackElo "2106"]
[PlyCount "74"]
[EventDate "2025.07.07"]
[EventType "swiss (blitz)"]
[EventRounds "11"]
[EventCountry "POL"]
[SourceTitle "CB28_2025"]
[SourceDate "2025.07.09"]
[SourceVersion "1"]
[SourceVersionDate "2025.07.09"]
[SourceQuality "1"]

1. d4 d5 2. c4 e6 3. Nc3 Nf6 4. cxd5 exd5 5. Bg5 c6 6. e3 Bf5 7. Qf3 Be6 8. Bxf6 Qxf6 9. Qxf6 gxf6 10. Bd3 Nd7 11. Nge2 Bd6 12. f3 f5 13. Kf2 Nf6 14. Nf4 Bxf4 15. exf4 Kd7 16. Nd1 Ne8 17. Ne3 Nd6 18. g4 Kc7 19. Rac1 fxg4 20. fxg4 Kb6 21. h3 Rae8 22. Rce1 Bd7 23. f5 h5 24. Ng2 hxg4 25. hxg4 Rxh1 26. Rxh1 Ne4+ 27. Bxe4 Rxe4 28. Ne3 Rxd4 29. Rh7 Be8 30. Kf3 Rd3 31. Ke2 Rd4 32. Rh8 Re4 33. Kf3 Kc5 34. g5 Kd4 35. Ng4 Re1 36. Nf6 Rf1+ 37. Ke2 Rxf5 1/2-1/2

[Event "Warsaw Maciei Memorial"]
[Site "Warsaw"]
[Date "2025.07.07"]
[Round "1"]
[White "Karolczuk, Iwo"]
[Black "Jedrusik, Adam"]
[Result "1/2-1/2"]
[WhiteElo "2406"]
[BlackElo "2025"]
[PlyCount "78"]
[EventDate "2025.07.07"]
[EventType "swiss (blitz)"]
[EventRounds "11"]
[EventCountry "POL"]
[SourceTitle "CB28_2025"]
[SourceDate "2025.07.09"]
[SourceVersion "1"]
[SourceVersionDate "2025.07.09"]
[SourceQuality "1"]

1. e4 c6 2. d4 d5 3. e5 Bf5 4. Nf3 e6 5. Be2 Nd7 6. 0-0 Ne7 7. c3 c5 8. dxc5 Nc6 9. b4 a5 10. b5 Ncxe5 11. Nxe5 Nxe5 12. Bf4 Ng6 13. Be3 Be7 14. Nd2 e5 15. a4 d4 16. cxd4 exd4 17. Bxd4 Qxd4 18. Nb3 Qxd1 19. Bxd1 Be6 20. c6 bxc6 21. bxc6 0-0 22. Nd4 Rfd8 23. Nxe6 fxe6 24. Bb3 Kf7 25. Rfe1 Rd6 26. Rac1 Rc8 27. c7 Bf6 28. f4 Ne7 29. g4 g6 30. Rc2 Bd4+ 31. Kg2 Bb6 32. Rce2 Nd5 33. Bxd5 Rxd5 34. Rxe6 Bxc7 35. Re7+ Kg8 36. Rc1 Rd4 37. Rcxc7 Rxc7 38. Rxc7 Rxf4 39. Kg3 Rxa4 1/2-1/2

[Event "Warsaw Maciei Memorial Blitz"]
[Site "Warsaw"]
[Date "2024.07.08"]
[Round "4"]
[White "Jedrusik, Adam"]
[Black "Bartoszewicz, Marcin"]
[Result "1-0"]
[WhiteElo "2025"]
[BlackElo "1884"]
[PlyCount "59"]
[EventDate "2024.07.08"]
[EventType "swiss (blitz)"]
[EventRounds "11"]
[EventCountry "POL"]
[SourceTitle "CBM 221 Extra"]
[Source "ChessBase"]
[SourceDate "2024.09.30"]
[SourceVersion "1"]
[SourceVersionDate "2024.09.30"]
[SourceQuality "1"]

1. d4 Nf6 2. c4 d6 3. Nc3 e5 4. d5 g6 5. e4 Bg7 6. f3 0-0 7. Be3 Nbd7 8. Qd2 a5 9. Nge2 Nc5 10. g4 h5 11. h3 hxg4 12. hxg4 Re8 13. Ng3 Nh7 14. Be2 Bf6 15. 0-0-0 Bg5 16. Rh2 Bxe3 17. Qxe3 Qg5 18. Qxg5 Nxg5 19. Rdh1 Bd7 20. Nd1 Kg7 21. Ne3 Rh8 22. Kd2 Rxh2 23. Rxh2 Rb8 24. b3 b5 25. cxb5 Bxb5 26. Rh1 Bxe2 27. Kxe2 a4 28. Rb1 axb3 29. axb3 Rxb3 30. Rxb3 1-0

[Event "Warsaw Maciei Memorial Blitz"]
[Site "Warsaw"]
[Date "2024.07.08"]
[Round "2"]
[White "Jedrusik, Adam"]
[Black "Kazakouski, Valery"]
[Result "0-1"]
[WhiteElo "2025"]
[BlackElo "2603"]
[PlyCount "62"]
[EventDate "2024.07.08"]
[EventType "swiss (blitz)"]
[EventRounds "11"]
[EventCountry "POL"]
[SourceTitle "CBM 221 Extra"]
[Source "ChessBase"]
[SourceDate "2024.09.30"]
[SourceVersion "1"]
[SourceVersionDate "2024.09.30"]
[SourceQuality "1"]

1. d4 Nf6 2. c4 e6 3. Nc3 Bb4 4. e3 b6 5. Nge2 Ba6 6. a3 Bxc3+ 7. Nxc3 d5 8. Qf3 0-0 9. cxd5 exd5 10. Bxa6 Nxa6 11. 0-0 Re8 12. Rd1 c6 13. b4 Nc7 14. Bb2 Re6 15. Rac1 Qd7 16. h3 h5 17. Qe2 a6 18. a4 Rae8 19. Qf1 h4 20. Ra1 Nh7 21. Qd3 Rg6 22. Kh1 Ng5 23. Kh2 Qd6+ 24. Kh1 Qxb4 25. Ba3 Qc4 26. Qxc4 dxc4 27. Re1 Nd5 28. Nxd5 cxd5 29. Rab1 Ne4 30. Kg1 Nd2 31. Rxb6 Rxb6 0-1

[Event "Polanica Zdroj op 59th"]
[Site "Polanica Zdroj"]
[Date "2023.08.24"]
[Round "6"]
[White "Zabron, Maksym"]
[Black "Jedrusik, Adam"]
[Result "0-1"]
[WhiteElo "1996"]
[BlackElo "2007"]
[PlyCount "264"]
[EventDate "2023.08.19"]
[EventType "swiss"]
[EventRounds "9"]
[EventCountry "POL"]
[SourceTitle "CBM 215 Extra"]
[Source "ChessBase"]
[SourceDate "2023.09.30"]
[SourceVersion "1"]
[SourceVersionDate "2023.09.30"]
[SourceQuality "1"]

1. e4 c6 2. d4 d5 3. Nc3 dxe4 4. Nxe4 Nf6 5. Nxf6+ exf6 6. c3 Bd6 7. Bd3 0-0 8. Qc2 Re8+ 9. Ne2 h5 10. 0-0 h4 11. Nf4 Nd7 12. Qd1 Nf8 13. Qh5 Qc7 14. g3 Bd7 15. Bd2 Qc8 16. Bc4 Re7 17. f3 b5 18. Bb3 Qc7 19. Rf2 Rae8 20. Qxh4 Bf5 21. Ng2 c5 22. g4 Bh7 23. f4 Be4 24. f5 cxd4 25. cxd4 Bxg2 26. Rxg2 Qb6 27. g5 fxg5 28. Rxg5 Be5 29. Rg4 Bxd4+ 30. Kf1 Bxb2 31. Re1 Bf6 32. Qh5 Qd8 33. Rge4 Qxd2 34. Rxe7 Rxe7 35. Rxe7 Qf4+ 36. Kg2 g6 37. fxg6 Bxe7 38. gxf7+ Kg7 39. Qf3 Ng6 40. Qxf4 Nxf4+ 41. Kf3 Nh3 42. Ke4 Ng5+ 43. Kd5 Nxf7 44. Kc6 b4 45. Kb5 Ne5 46. Ka6 Nf3 47. Kxa7 Nxh2 48. Kb6 Kf6 49. Kb5 Ke5 50. Kc4 Ke4 51. Bc2+ Ke3 52. Kb3 Nf1 53. Bh7 Kd2 54. Kb2 Ne3 55. Bg8 Kd3 56. Bh7+ Kd4 57. Bg8 Nc4+ 58. Kb3 Na5+ 59. Ka4 Nb7 60. Kb3 Na5+ 61. Ka4 Nc6 62. Kb3 Kd3 63. Bh7+ Kd2 64. Kb2 Na5 65. Bg8 Bf6+ 66. Kb1 Kc3 67. Kc1 Nc4 68. Kd1 Na3 69. Ke2 Kb2 70. Kd3 Nb1 71. Kc4 Be7 72. Kd3 Nc3 73. Bf7 Nxa2 74. Bg8 Nc1+ 75. Kc4 Ka3 76. Kb5 Ne2 77. Kc6 Kb2 78. Kb5 Kc3 79. Bf7 Nd4+ 80. Ka4 Bh4 81. Ka5 Bf2 82. Bg8 Nc6+ 83. Kb5 Na7+ 84. Ka5 b3 85. Bxb3 Kxb3 86. Ka6 Kc4 87. Kb7 Kd5 88. Kc7 Nb5+ 89. Kd7 Bh4 90. Kc8 Kc6 91. Kb8 Nc7 92. Kc8 Bf2 93. Kd8 Bc5 94. Kc8 Ba7 95. Kd8 Nd5 96. Ke8 Kd6 97. Kf7 Ke5 98. Kg6 Be3 99. Kh5 Kf5 100. Kh4 Bf4 101. Kh3 Ne3 102. Kh4 Ke4 103. Kh3 Bd6 104. Kh4 Kf4 105. Kh3 Ng4 106. Kg2 Be7 107. Kh3 Ne5 108. Kg2 Nd3 109. Kh3 Kf3 110. Kh2 Nf2 111. Kg1 Bd6 112. Kf1 Bh2 113. Ke1 Ne4 114. Kd1 Be5 115. Kc2 Nc5 116. Kd2 Bd4 117. Ke1 Ne4 118. Kd1 Ke3 119. Kc2 Nc5 120. Kd1 Bc3 121. Kc2 Kd4 122. Kd1 Kd3 123. Kc1 Na4 124. Kd1 Nb2+ 125. Kc1 Bf6 126. Kb1 Kc3 127. Ka2 Kc2 128. Ka1 Nd3+ 129. Ka2 Be7 130. Ka1 Bf8 131. Ka2 Nc1+ 132. Ka1 Bg7# 0-1

[Event "Polanica Zdroj op 59th"]
[Site "Polanica Zdroj"]
[Date "2023.08.21"]
[Round "3"]
[White "Jedrusik, Adam"]
[Black "Golenia, Jan"]
[Result "0-1"]
[WhiteElo "2007"]
[BlackElo "2182"]
[PlyCount "112"]
[EventDate "2023.08.19"]
[EventType "swiss"]
[EventRounds "9"]
[EventCountry "POL"]
[SourceTitle "CBM 215 Extra"]
[Source "ChessBase"]
[SourceDate "2023.09.30"]
[SourceVersion "1"]
[SourceVersionDate "2023.09.30"]
[SourceQuality "1"]

1. d4 Nf6 2. c4 e6 3. Nc3 Bb4 4. e3 0-0 5. Bd3 d5 6. Nf3 b6 7. cxd5 exd5 8. 0-0 Bg4 9. Qa4 Bxf3 10. gxf3 Be7 11. e4 c6 12. e5 Ne8 13. Kh1 f5 14. Rg1 Kh8 15. Qc2 Qd7 16. e6 Qxe6 17. Bf4 g6 18. Rae1 Qf7 19. Bh6 Ng7 20. Ne2 Bf6 21. Nf4 Re8 22. Qc1 Bxd4 23. Bxg7+ Bxg7 24. Rxe8+ Qxe8 25. Re1 Qf7 26. Ne6 Bf6 27. Ng5 Qf8 28. Re6 h6 29. Nh3 Kg7 30. Nf4 Qf7 31. Rd6 a5 32. Qg1 Kh7 33. Nh5 Be5 34. Rd8 Ra7 35. f4 Rd7 36. Rc8 Bd6 37. Ng3 d4 38. Nxf5 Qd5+ 39. Qg2 Qxg2+ 40. Kxg2 Bxf4 41. Nh4 Rg7 42. Kf3 Bxh2 43. Rd8 c5 44. Be4 h5 45. Kg2 Be5 46. Rd5 Nc6 47. f4 Bxf4 48. Kf3 Ne7 49. Rxh5+ Bh6 50. Re5 Rf7+ 51. Ke2 c4 52. Nf3 d3+ 53. Ke1 Nf5 54. Bxf5 Rxf5 55. Rxf5 gxf5 56. Ne5 b5 0-1

[Event "Warsaw Najdorf Memorial op-A 20th"]
[Site "Warsaw"]
[Date "2023.07.19"]
[Round "9"]
[White "Zheng, Harry Z"]
[Black "Jedrusik, Adam"]
[Result "0-1"]
[WhiteElo "2063"]
[BlackElo "1970"]
[PlyCount "120"]
[EventDate "2023.07.11"]
[EventType "swiss"]
[EventRounds "9"]
[EventCountry "POL"]
[SourceTitle "EXT 2024"]
[Source "ChessBase"]
[SourceDate "2023.10.10"]
[SourceVersion "1"]
[SourceVersionDate "2023.10.10"]
[SourceQuality "1"]

1. e4 e5 2. Nf3 Nc6 3. Bb5 a6 4. Ba4 Nf6 5. d3 b5 6. Bb3 Bc5 7. a4 Rb8 8. 0-0 d6 9. c3 h6 10. Nbd2 0-0 11. h3 Bb6 12. Re1 Ne7 13. Nf1 Ng6 14. Ng3 Re8 15. Nh2 Be6 16. Bc2 d5 17. Nh5 dxe4 18. dxe4 Nxh5 19. Qxh5 Qf6 20. Be3 Nf4 21. Qf3 Red8 22. a5 Bxe3 23. fxe3 Nd3 24. Qxf6 gxf6 25. Bxd3 Rxd3 26. Rad1 Rxd1 27. Rxd1 b4 28. Nf1 Kf8 29. cxb4 Rxb4 30. Rd8+ Ke7 31. Ra8 Rxe4 32. Rxa6 Rb4 33. Ra7 Rxb2 34. Rxc7+ Kd6 35. Ra7 Bd5 36. Ra6+ Kc5 37. e4 Bxe4 38. Ne3 Re2 39. Ng4 Rxg2+ 40. Kf1 Rxg4 41. Ra7 Bg2+ 42. Kf2 Bxh3 43. Rxf7 Rf4+ 44. Kg3 Be6 45. Rh7 Kb5 46. Rxh6 Kxa5 47. Rh2 Kb4 48. Re2 Kc3 49. Re3+ Kd4 50. Ra3 Rg4+ 51. Kf2 e4 52. Ra4+ Bc4 53. Ra1 Rf4+ 54. Kg3 Rf3+ 55. Kg2 Rb3 56. Ra8 e3 57. Rd8+ Kc3 58. Kf3 e2 59. Kf2 Rb1 60. Re8 Rf1+ 0-1

[Event "Warsaw Maciei Memorial"]
[Site "Warsaw"]
[Date "2023.07.10"]
[Round "8"]
[White "Jedrusik, Adam"]
[Black "Ladan, Nicholas John"]
[Result "1-0"]
[WhiteElo "1970"]
[BlackElo "2260"]
[PlyCount "171"]
[EventDate "2023.07.10"]
[EventType "swiss (blitz)"]
[EventRounds "11"]
[EventCountry "POL"]
[SourceTitle "CBM 215 Extra"]
[Source "ChessBase"]
[SourceDate "2023.09.30"]
[SourceVersion "1"]
[SourceVersionDate "2023.09.30"]
[SourceQuality "1"]

1. d4 b6 2. e4 Bb7 3. Bd3 f5 4. exf5 Bxg2 5. Qh5+ g6 6. fxg6 Bg7 7. gxh7+ Kf8 8. hxg8Q+ Kxg8 9. Qg4 Bxh1 10. Ne2 Nc6 11. Ng3 Rxh2 12. Nf5 Qf8 13. Bh6 Rg2 14. Qh4 Rg1+ 15. Kd2 Qf6 16. Qh2 Rg2 17. Qxh1 Rxf2+ 18. Kd1 Rxf5 19. Bxg7 Kxg7 20. Bxf5 Qxf5 21. Nc3 Rf8 22. Qg2+ Kh6 23. Qh2+ Qh5+ 24. Qxh5+ Kxh5 25. Kd2 Rf2+ 26. Ke3 Rxc2 27. Nd5 e6 28. Nxc7 Nxd4 29. Kxd4 Rxc7 30. Kd3 Kg5 31. Rf1 Rc5 32. Rf7 Rd5+ 33. Ke3 Kg6 34. Re7 Kf6 35. Re8 Ke5 36. Ra8 a5 37. Rb8 Rb5 38. b3 Kd6 39. Kd4 Rd5+ 40. Kc3 Kc7 41. Rh8 Rg5 42. Rh7 Kc6 43. a3 Rg3+ 44. Kc2 d5 45. Rh6 Kd6 46. Rh8 e5 47. Rd8+ Kc5 48. Rc8+ Kd4 49. Rb8 Rg2+ 50. Kb1 e4 51. Rxb6 e3 52. Re6 Kc3 53. Rxe3+ Kd2 54. Re5 d4 55. Rxa5 d3 56. Kb2 Ke3+ 57. Kc3 Rc2+ 58. Kb4 d2 59. Rd5 Rc1 60. a4 d1Q 61. Rxd1 Rxd1 62. Kb5 Kd4 63. a5 Kc3 64. Kb6 Rd6+ 65. Kc5 Ra6 66. Kb5 Rh6 67. a6 Kxb3 68. a7 Rh8 69. Kb6 Kb4 70. Kb7 Rh7+ 71. Kb8 Kb5 72. a8Q Kb6 73. Qa1 Rb7+ 74. Kc8 Rc7+ 75. Kd8 Rc5 76. Qb2+ Rb5 77. Qd4+ Kc6 78. Qc4+ Rc5 79. Qe6+ Kb5 80. Kd7 Kb4 81. Qe4+ Rc4 82. Qe2 Rd4+ 83. Kc6 Rc4+ 84. Kd5 Rc5+ 85. Kd6 Rc4 86. Qb2+ 1-0

[Event "EU-ch Rapid"]
[Site "Katowice"]
[Date "2022.12.18"]
[Round "8"]
[White "Kruckenhauser, Arthur"]
[Black "Jedrusik, Adam"]
[Result "1-0"]
[WhiteElo "2339"]
[BlackElo "1951"]
[PlyCount "35"]
[EventDate "2022.12.17"]
[EventType "swiss (rapid)"]
[EventRounds "11"]
[EventCountry "POL"]
[SourceTitle "CBM 211 Extra"]
[Source "ChessBase"]
[SourceDate "2023.01.31"]
[SourceVersion "1"]
[SourceVersionDate "2023.01.31"]
[SourceQuality "1"]

1. e4 c6 2. Nf3 d5 3. Nc3 Nf6 4. e5 Ne4 5. Ne2 Bg4 6. d4 c5 7. h3 Bc8 8. Ng3 Nxg3 9. fxg3 Nc6 10. Bd3 Nxd4 11. 0-0 Nxf3+ 12. Qxf3 f6 13. exf6 exf6 14. Qh5+ Ke7 15. Bf4 Be6 16. Rae1 Rc8 17. Rxe6+ Kxe6 18. Bf5+ 1-0

[Event "EU-ch Rapid"]
[Site "Katowice"]
[Date "2022.12.17"]
[Round "2"]
[White "Paehtz, Elisabeth"]
[Black "Jedrusik, Adam"]
[Result "1-0"]
[WhiteElo "2464"]
[BlackElo "1951"]
[PlyCount "75"]
[EventDate "2022.12.17"]
[EventType "swiss (rapid)"]
[EventRounds "11"]
[EventCountry "POL"]
[SourceTitle "CBM 211 Extra"]
[Source "ChessBase"]
[SourceDate "2023.01.31"]
[SourceVersion "1"]
[SourceVersionDate "2023.01.31"]
[SourceQuality "1"]

1. d4 d5 2. Bf4 Nf6 3. e3 c5 4. c3 Nc6 5. Nd2 cxd4 6. exd4 Bf5 7. Ngf3 e6 8. Qb3 Qc8 9. Nh4 Be4 10. Nxe4 Nxe4 11. Nf3 Bd6 12. Bxd6 Nxd6 13. Bd3 Qc7 14. 0-0 0-0-0 15. Rfe1 Kb8 16. Rac1 Rc8 17. Qd1 h6 18. Qe2 g5 19. Nd2 Qe7 20. b4 h5 21. Nb3 g4 22. Qe3 Ka8 23. Qf4 Rcg8 24. b5 Nb8 25. Bf1 Nd7 26. a4 h4 27. a5 g3 28. a6 b6 29. fxg3 hxg3 30. h3 Nf6 31. Qf3 Nfe4 32. c4 dxc4 33. Rxe4 Nxe4 34. Qxe4+ Kb8 35. Rxc4 Rc8 36. Qe5+ Ka8 37. Be2 Rxc4 38. Qxh8+ 1-0

[Event "EU-ch Blitz"]
[Site "Katowice"]
[Date "2022.12.16"]
[Round "14"]
[White "Raczek, Krzysztof"]
[Black "Jedrusik, Adam"]
[Result "1-0"]
[WhiteElo "2161"]
[BlackElo "1951"]
[PlyCount "73"]
[EventDate "2022.12.16"]
[EventType "swiss (blitz)"]
[EventRounds "22"]
[EventCountry "POL"]
[SourceTitle "CBM 211 Extra"]
[Source "ChessBase"]
[SourceDate "2023.01.31"]
[SourceVersion "1"]
[SourceVersionDate "2023.01.31"]
[SourceQuality "1"]

1. Nf3 d5 2. g3 Bg4 3. Ne5 Bf5 4. Bg2 Nd7 5. Nxd7 Qxd7 6. c4 e6 7. 0-0 Nf6 8. d4 c6 9. Qb3 Bd6 10. Nc3 0-0 11. Bg5 Ne4 12. Be3 a6 13. Rac1 h5 14. Rfd1 Nf6 15. Bg5 Nh7 16. Bd2 Be7 17. e4 dxe4 18. Nxe4 h4 19. Bf4 Bxe4 20. Bxe4 Nf6 21. Bg2 Rad8 22. Qf3 hxg3 23. hxg3 Ne8 24. d5 exd5 25. cxd5 cxd5 26. Rxd5 Qa4 27. Rxd8 Bxd8 28. Qxb7 Qxa2 29. Rc8 Nf6 30. Bf1 a5 31. Bd6 Re8 32. Qa8 Qxb2 33. Rxd8 Rxd8 34. Qxd8+ Kh7 35. Bd3+ Kh6 36. Qh8+ Kg5 37. Qxg7+ 1-0

[Event "Ustron op-B"]
[Site "Ustron"]
[Date "2022.08.18"]
[Round "7"]
[White "Jedrusik, Adam"]
[Black "Stachecki, Mikolaj"]
[Result "1/2-1/2"]
[WhiteElo "1986"]
[BlackElo "1928"]
[PlyCount "74"]
[EventDate "2022.08.12"]
[EventType "swiss"]
[EventRounds "9"]
[EventCountry "POL"]
[SourceTitle "CBM 209 Extra"]
[Source "ChessBase"]
[SourceDate "2022.09.30"]
[SourceVersion "1"]
[SourceVersionDate "2022.09.30"]
[SourceQuality "1"]

1. d4 d5 2. c4 e6 3. Nc3 Nf6 4. cxd5 Nxd5 5. e4 Nxc3 6. bxc3 c5 7. Nf3 cxd4 8. cxd4 Bb4+ 9. Bd2 Bxd2+ 10. Qxd2 0-0 11. Rc1 b6 12. Bd3 Bb7 13. 0-0 Nd7 14. Qe3 Rc8 15. h4 Qe7 16. Bb1 Rfd8 17. a3 a5 18. Rfe1 b5 19. Qd3 b4 20. h5 h6 21. axb4 axb4 22. Rcd1 Rc3 23. Qd2 Nf6 24. d5 exd5 25. e5 Nxh5 26. Qd4 Bc8 27. Ba2 Be6 28. Rb1 Ra3 29. Bb3 g6 30. Qd2 Kh7 31. Rec1 Ng7 32. Nd4 Bd7 33. Bxd5 Qxe5 34. Nf3 Qf5 35. Qxb4 Ra4 36. Qe7 Rc8 37. Qxf7 Qxf7 1/2-1/2

[Event "Ustron op-B"]
[Site "Ustron"]
[Date "2022.08.17"]
[Round "6"]
[White "Kostecka, Marika"]
[Black "Jedrusik, Adam"]
[Result "1/2-1/2"]
[WhiteElo "1862"]
[BlackElo "1986"]
[PlyCount "56"]
[EventDate "2022.08.12"]
[EventType "swiss"]
[EventRounds "9"]
[EventCountry "POL"]
[SourceTitle "CBM 209 Extra"]
[Source "ChessBase"]
[SourceDate "2022.09.30"]
[SourceVersion "1"]
[SourceVersionDate "2022.09.30"]
[SourceQuality "1"]

1. e4 d6 2. d4 Nf6 3. Nc3 g6 4. Bg5 c6 5. Qd2 Nbd7 6. 0-0-0 Qa5 7. f4 b5 8. e5 b4 9. exf6 bxc3 10. Qxc3 Qxc3 11. bxc3 Nxf6 12. Bxf6 exf6 13. Re1+ Kd8 14. c4 Bg7 15. Bd3 Rb8 16. Ne2 Re8 17. c3 Ba6 18. Kc2 Kc7 19. Rb1 Rb6 20. Rb3 Bf8 21. Rf1 Bc8 22. Kd2 f5 23. g3 Bd7 24. Bc2 Be6 25. Bd3 Ra6 26. a3 Rb8 27. Kc2 Rbb6 28. Ra1 Be7 1/2-1/2

[Event "Warsaw Najdorf Memorial op-A 19th"]
[Site "Warsaw"]
[Date "2022.07.12"]
[Round "4"]
[White "Jedrusik, Adam"]
[Black "Golecki, Jan"]
[Result "0-1"]
[WhiteElo "1960"]
[BlackElo "2219"]
[PlyCount "104"]
[EventDate "2022.07.09"]
[EventType "swiss"]
[EventRounds "9"]
[EventCountry "POL"]
[SourceTitle "CBM 209 Extra"]
[Source "ChessBase"]
[SourceDate "2022.09.30"]
[SourceVersion "1"]
[SourceVersionDate "2022.09.30"]
[SourceQuality "1"]

1. d4 Nf6 2. c4 e6 3. Nc3 Bb4 4. e3 0-0 5. Nge2 b6 6. a3 Be7 7. Nf4 d5 8. cxd5 exd5 9. Bd3 c6 10. 0-0 Re8 11. h3 Bd6 12. Qf3 Ba6 13. Bxa6 Nxa6 14. Bd2 Qd7 15. Rfc1 Nc7 16. Nce2 Ne4 17. Be1 Ne6 18. Qg4 Nf6 19. Qh4 Nxf4 20. Nxf4 Re4 21. Bd2 Bxf4 22. exf4 Re2 23. Bc3 Rae8 24. Re1 h6 25. g4 R2e4 26. f3 Re3 27. Qf2 Rxe1+ 28. Rxe1 Rxe1+ 29. Qxe1 Qe8 30. Qd2 Qe6 31. Kf2 Ne8 32. Qd3 f5 33. Qa6 Qd7 34. Qe2 Kf7 35. Qe5 Nd6 36. Bb4 Nc4 37. Qb8 Nxb2 38. Qf8+ Kg6 39. gxf5+ Qxf5 40. Qe8+ Kh7 41. Qxc6 Nd3+ 42. Ke3 Nxf4 43. Bd6 Ng6 44. Qc7 Nh4 45. Be5 Qxf3+ 46. Kd2 Nf5 47. Qxa7 Qe3+ 48. Kc2 Nxd4+ 49. Bxd4 Qxd4 50. Qd7 Qe4+ 51. Kd2 d4 52. Qc8 Qe3+ 0-1

[Event "Warsaw Maciei Memorial"]
[Site "Warsaw"]
[Date "2022.07.08"]
[Round "9"]
[White "Janik, Igor"]
[Black "Jedrusik, Adam"]
[Result "1-0"]
[WhiteElo "2519"]
[BlackElo "1960"]
[PlyCount "87"]
[EventDate "2022.07.08"]
[EventType "swiss (blitz)"]
[EventRounds "11"]
[EventCountry "POL"]
[SourceTitle "CBM 209 Extra"]
[Source "ChessBase"]
[SourceDate "2022.09.30"]
[SourceVersion "1"]
[SourceVersionDate "2022.09.30"]
[SourceQuality "1"]

1. e4 c6 2. Nf3 d5 3. d3 dxe4 4. dxe4 Qxd1+ 5. Kxd1 Bg4 6. Be2 Nf6 7. Nfd2 Bxe2+ 8. Kxe2 Nbd7 9. f3 0-0-0 10. a4 e5 11. Nc4 Bc5 12. c3 Rhe8 13. b4 Bf8 14. Be3 Kb8 15. Nbd2 Nh5 16. Rhd1 Nf4+ 17. Bxf4 exf4 18. Kf1 Be7 19. Nb3 Bf6 20. Rd3 Kc7 21. Rad1 Ne5 22. Nxe5 Bxe5 23. Ke2 Rxd3 24. Rxd3 h5 25. Nd2 h4 26. Nc4 h3 27. gxh3 b5 28. axb5 cxb5 29. Na3 Kb6 30. Rd5 Bxc3 31. Kd3 Bf6 32. Rxb5+ Kc7 33. Rc5+ Kb7 34. Nc4 Rd8+ 35. Rd5 Rh8 36. e5 Bg5 37. Rd7+ Kb8 38. Rxf7 Rxh3 39. Ke4 Rxh2 40. Rxg7 Bh6 41. Rh7 Re2+ 42. Kd5 Bg5 43. Kc6 Rc2 44. Rh8+ 1-0